| 000 | 01132nam a2200241 i 4500 | ||
|---|---|---|---|
| 001 | 69129 | ||
| 003 | ES-MaACL | ||
| 005 | 20250827062613.0 | ||
| 007 | t| | ||
| 008 | 040914m19361939sp ||||1| spa d | ||
| 110 | 1 |
_aEspaña _93622 |
|
| 240 | 0 | 0 | _aLeyes, etc. |
| 245 | 1 | 0 |
_aLegislación española / _crecopilación hecha por Luis Gabilán Plá y Wenceslao D. Alcahud. |
| 260 |
_aSan Sebastián : _b[s.n.], _c1936-1939 ( _eAvila : _fTip. Senén Martín) |
||
| 300 |
_a8 v. ; _c25 cm. |
||
| 500 | _aLos volúmenes 2 al 8 están impresos en Pasajes : Artes Gráficas. | ||
| 505 | 8 | _aContiene: I. 18 julio 1936 - 1º agosto 1937 -- II- 1º agosto 1937 - 1º octubre 1937 -- III. 1º octubre 1937 - 1º febrero 1938 -- IV. 1º febrero 1938 - 1º junio 1938 -- V. 1º junio 1938 - 1º febrero 1939 -- VI. 1º febrero 1939 - 1º abril 1939 -- VII. 1º abril 1939 - 1º julio 1939 -- VIII. 1º julio 1939 - 1º octubre 1939 | |
| 650 | 7 |
_aDerecho- _zEspaña _2 _9141531 |
|
| 700 | 1 |
_aGabilán Plá, Luis. _953134 |
|
| 700 | 1 |
_aAlcahud, Wenceslao D. _919438 |
|
| 852 |
_aES-MaACL _jP-845 _bR.16858 |
||
| 999 |
_c69129 _d69129 |
||